00484nam a2200193 a 4500001001300000003000900013005001700022008004100039020001000080082001900090100002100109245004100130260002500171300000900196500003500205505001000240650001900250700002100269nice12345678IN_TiNIC20260116012633.0050524s1955 cala grp 000 0 eng  ac10000a266.00954bASI aAsirvatham, Eddy aChristianity in the Indian Crucible. aCalcuttabYMCAc1955 a244p aincludes index and biblioraphy2 aIndex aMissions-India1 aAsirvatham, Eddy